ბათუმის შოთა რუსთაველის სახელმწიფო უნივერსიტეტის ბიბლიოთეკა

დანაშაული სახელმწიფოსა და სასამართლო ხელისუფლების წინააღმდეგ (კომენტარი) / (ბიბ.ჩანაწერი № 38640)

000 -ლიდერი
ფიქსირებული სიგრძის საკონტროლო ველი 01271nam a2200253Ia 4500
001 - საკონტროლო ნომერი
საკონტროლო ველი 4862
003 - საკონტროლო ნომრის იდენტიფიკატორი
საკონტროლო ველი GE_BSU
005 - ბოლო ოპერაციის თარიღი და დრო
საკონტროლო ველი 20190812094459.0
008 - ფიქსირებული სიგრძის მონაცემთა ელემენტები - ზოგადი ინფორმაცია
ფიქსირებული სიგრძის საკონტროლო ველი 181216s2002||||ge |||||||||||||| ||geo||
020 ## - წიგნის საერთაშორისო სტანდარტული ნომერი
International Standard Book Number 9992822694
040 ## - კატალოგიზაციის წყარო
Transcribing agency GE_BSU
041 ## - ენის კოდი
Language code of text/sound track or separate title geo
080 ## - უნივერსალური ათობითი კლასიფიკაციის ინდექსი
Universal Decimal Classification number 343.3 + 343.36 ლ-40
100 ## - მთავარი ჩანაწერი - პიროვნების სახელი
Personal name ლეკვეიშვილი, მ.
9 (RLIN) 3505
245 ## - ცნობა სათაურის შესახებ
Title დანაშაული სახელმწიფოსა და სასამართლო ხელისუფლების წინააღმდეგ (კომენტარი) /
Statement of responsibility, etc მ. ლეკვეიშვილი, გ. მამულაშვილი ; რედ. გ. ტყეშელიაძე.
264 ## - წარმოების, გამოცემის, დისტრიბუციის და სხვა ცნობები
გამოცემის, წარმოების, დისტრიბუციის... ადგილი თბილისი :
გამოცემის, წარმოების, დისტრიბუციის... სახელწოდება მერიდიანი ;
გამოცემის, წარმოების, დისტრიბუციის... თარიღი 2002.
300 ## - ფიზიკური აღწერა
Extent 319 გვ. ;
Dimensions 21 სმ.
653 ## - INDEX TERM--UNCONTROLLED
Uncontrolled term დანაშაული სახელმწიფოსა და სასამართლო ხელისუფლების წინააღმდეგ
653 ## - INDEX TERM--UNCONTROLLED
Uncontrolled term სამართალი
700 ## - ADDED ENTRY--PERSONAL NAME
Personal name მამულაშვილი, გ.
Relator term ავტორი
9 (RLIN) 3506
700 ## - ADDED ENTRY--PERSONAL NAME
Personal name ტყეშელიაძე, გ.
Relator term რედაქტორი
9 (RLIN) 3507
942 ## - ADDED ENTRY ELEMENTS (KOHA)
Koha item type წიგნი
Source of classification or shelving scheme
ეგზემპლარები
ჩამოწერის სტატუსი დაკარგული ეგზემპლარის სტატუსი კლასიფიკაციის წყარო ან თაროზე გაწყობის სქემა დაზიანების სტატუსი არ გაიცემა მუდმივი მდებარეობა (დაცვის ადგილი) ამჟამინდელი ადგილსამყოფელი თაროზე განთავსების ადგილი შეძენის თარიღი ღირებულება, შესყიდვის ნორმალური ფასი სრული შენახვის შიფრი შტრიხკოდი ბოლო ოპერაციის თარიღი ეგზემპლარის მიმდევრობითი ნომერი (კეტერი?) ფასის ძალაში შესვლის თარიღი ეგზემპლარის სახეობა საჯარო შენიშვნა
          ბათუმის შოთა რუსთაველის სახელმწიფო უნივერსიტეტის მთავარი ბიბლიოთეკა ბათუმის შოთა რუსთაველის სახელმწიფო უნივერსიტეტის მთავარი ბიბლიოთეკა წიგნსაცავი 2018-12-17 9.50 343.3 + 343.36 ლ-40 13286 2018-12-17 13286 2018-12-17 წიგნი 9.50 ლ.
          ბათუმის შოთა რუსთაველის სახელმწიფო უნივერსიტეტის მთავარი ბიბლიოთეკა ბათუმის შოთა რუსთაველის სახელმწიფო უნივერსიტეტის მთავარი ბიბლიოთეკა წიგნსაცავი 2018-12-17 9.50 343.3 + 343.36 ლ-40 13287 2018-12-17 13287 2018-12-17 წიგნი 9.50 ლ.
          ბათუმის შოთა რუსთაველის სახელმწიფო უნივერსიტეტის მთავარი ბიბლიოთეკა ბათუმის შოთა რუსთაველის სახელმწიფო უნივერსიტეტის მთავარი ბიბლიოთეკა წიგნსაცავი 2018-12-17 9.50 343.3 + 343.36 ლ-40 13288 2018-12-17 13288 2018-12-17 წიგნი 9.50 ლ.
          ბათუმის შოთა რუსთაველის სახელმწიფო უნივერსიტეტის მთავარი ბიბლიოთეკა ბათუმის შოთა რუსთაველის სახელმწიფო უნივერსიტეტის მთავარი ბიბლიოთეკა წიგნსაცავი 2018-12-17 9.50 343.3 + 343.36 ლ-40 13289 2018-12-17 13289 2018-12-17 წიგნი 9.50 ლ.